| 000 | 01076nam a22003137a 4500 | ||
|---|---|---|---|
| 001 | 0033465 | ||
| 003 | KOHA_MİRAKIL | ||
| 005 | 20260207002853.0 | ||
| 007 | ta | ||
| 008 | 111101b2006 tu a|||gr||||#||||0|tur | | ||
| 020 | _a9751938791 | ||
| 020 | _a 9789751938794 | ||
| 040 |
_aTR-BiSEU _btur _cTR-BiSEU _erda |
||
| 041 | 0 | _atur | |
| 044 | _ctu | ||
| 050 |
_aDS247.9.H45 _bO98 2006 |
||
| 100 | 1 | _aÖztürk, Necati. | |
| 245 | 1 |
_aFotoğraflarla kutsal topraklar: Hicaz albümü/ _cNecati Öztürk ; Necati Öztürk ; edt. Ahmet Özel. |
|
| 264 | 1 |
_aAnkara : _bDiyanet İşleri Başkanlığı _c2006 |
|
| 300 |
_a162 sayfa : _bresimli ; _c24 cm. |
||
| 336 |
_ametin _btxt _2rdacontent |
||
| 337 |
_aaracısız _bn _2rdamedia |
||
| 338 |
_acilt _bnc _2rdacarrier |
||
| 490 | 1 |
_aDiyanet İşleri Başkanlığı Yayınları ; _v669, Sanat Eserleri ; _v6. |
|
| 500 | _aKaynakça var. | ||
| 650 | 0 |
_aHejaz (Saudi Arabia)--Description and Travel. _964976 |
|
| 830 | 1 |
_aDiyanet İşleri Başkanlığı Yayınları ; _v669, Sanat Eserleri ; _v6. _930343 |
|
| 942 |
_2lcc _cBK |
||
| 999 |
_c33481 _d33481 |
||